书目信息 |
| 题名: |
智能网联汽车新技术
|
|
| 作者: | 崔胜民 编著 | |
| 分册: | ||
| 出版信息: | 北京 化学工业出版社 2017.8 |
|
| 页数: | 230页 | |
| 开本: | 24cm | |
| 丛书名: | ||
| 单 册: | ||
| 中图分类: | U463.67 | |
| 科图分类: | ||
| 主题词: | 汽车--智能通信网 | |
| 电子资源: | ||
| ISBN: | 978-7-122-27408-3 | |
| 000 | 00873nam0 2200241 450 | |
| 001 | 0400002977 | |
| 005 | 20171021165416.0 | |
| 010 | @a978-7-122-27408-3@dCNY58.00 | |
| 100 | @a20171021d2017 em y0chiy ea | |
| 101 | 0 | @achi |
| 102 | @aCN@b110000 | |
| 105 | @aa z 000yy | |
| 106 | @ar | |
| 200 | 1 | @a智能网联汽车新技术@9zhi neng wang lian qi che xin ji shu@dIntelligence & internet@zeng@f崔胜民编著 |
| 210 | @a北京@c化学工业出版社@d2017.8 | |
| 215 | @a230页@c图@d24cm | |
| 330 | @a本书详细介绍了智能网联汽车的基本概念、技术分级、系统构成,涉及的关键技术包括传感技术、无线通信技术、车载网络技术、环境感知技术、导航定位技术以及先进驾驶辅助系统等。 | |
| 510 | 1 | @aIntelligence & internet@zeng |
| 606 | 0 | @a汽车@x智能通信网 |
| 690 | @aU463.67@v5 | |
| 701 | 0 | @a崔胜民@9cui sheng min@4编著 |
| 801 | 0 | @aCN@b91MARC@c20171021 |
| 905 | @b1035356-60@dU463.67@f5@e625 | |
| 智能网联汽车新技术=Intelligence & internet/崔胜民编著.-北京:化学工业出版社,2017.8 |
| 230页:图;24cm |
| ISBN 978-7-122-27408-3:CNY58.00 |
| 本书详细介绍了智能网联汽车的基本概念、技术分级、系统构成,涉及的关键技术包括传感技术、无线通信技术、车载网络技术、环境感知技术、导航定位技术以及先进驾驶辅助系统等。 |
| ● |
| 相关链接 |
|
|
|
|
正题名:智能网联汽车新技术
索取号:U463.67/625
 
预约/预借
| 序号 | 登录号 | 条形码 | 馆藏地/架位号 | 状态 | 备注 |
| 1 | 1035356 | 210353561 | 第二样本阅览室/ [索取号:U463.67/625] | 在馆 | |
| 2 | 1035357 | 210353570 | 密集书库-物理学院/ [索取号:U463.67/625] | 在馆 | |
| 3 | 1035358 | 210353589 | 第三借阅区/ [索取号:U463.67/625] | 在馆 | |
| 4 | 1035359 | 210353598 | 第三借阅区/ [索取号:U463.67/625] | 在馆 | |
| 5 | 1035360 | 210353605 | 第三借阅区/ [索取号:U463.67/625] | 在馆 |